ARRUPE JESUIT UNIVERSITY

CORONAVIRUS -STOP THE SPREAD - CLEAN,DISINFECT,COVER

The Shona and Zimbabwe 900-1850 (Record no. 58452)

MARC details
000 -LEADER
fixed length control field 00588nam a2200241Ia 4500
003 - CONTROL NUMBER IDENTIFIER
control field 0100
005 - DATE AND TIME OF LATEST TRANSACTION
control field 20190111102629.0
008 - FIXED-LENGTH DATA ELEMENTS--GENERAL INFORMATION
fixed length control field 130303s9999 xx 000 0 und d
020 ## - INTERNATIONAL STANDARD BOOK NUMBER
International Standard Book Number 0869221485
040 ## - CATALOGING SOURCE
Transcribing agency ARRUPELIB
050 ## - LIBRARY OF CONGRESS CALL NUMBER
Classification number SPC. DT962.42.B35 1980
300 ## - PHYSICAL DESCRIPTION
Dimensions 21cm.
300 ## - PHYSICAL DESCRIPTION
Other physical details
100 ## - MAIN ENTRY--PERSONAL NAME
Personal name Beach, David N.
9 (RLIN) 43985
245 #4 - TITLE STATEMENT
Title The Shona and Zimbabwe 900-1850
Remainder of title an outline of Shona history
Statement of responsibility, etc David B. Beach
260 ## - PUBLICATION, DISTRIBUTION, ETC. (IMPRINT)
Place of publication, distribution, etc Gweru
Name of publisher, distributor, etc Mambo Press
Date of publication, distribution, etc 1980
300 ## - PHYSICAL DESCRIPTION
Extent xviii, 427p. ;
650 ## - SUBJECT ADDED ENTRY--TOPICAL TERM
Topical term or geographic name as entry element Shona (African people)
General subdivision History
9 (RLIN) 27961
650 ## - SUBJECT ADDED ENTRY--TOPICAL TERM
Topical term or geographic name as entry element Zimbabwe
General subdivision History
9 (RLIN) 10314
942 ## - ADDED ENTRY ELEMENTS (KOHA)
Source of classification or shelving scheme Library of Congress Classification
Koha item type SPC
Holdings
Withdrawn status Lost status Source of classification or shelving scheme Damaged status Not for loan Collection code Home library Current library Shelving location Date acquired Total Checkouts Full call number Barcode Date last seen Copy number Price effective from Koha item type Date checked out
    Library of Congress Classification     Main Collection ARRUPE LIBRARY ARRUPE LIBRARY Main Collection 04/03/2013   GN659.S57B35 1980 46003041641 09/04/2018 1 04/03/2013 Monograph ( Printed materials)  
    Library of Congress Classification     Main Collection ARRUPE LIBRARY ARRUPE LIBRARY Main Collection 04/03/2013   GN659.S57B35 1980 46003042277 09/04/2018 2 04/03/2013 Monograph ( Printed materials)  
    Library of Congress Classification     Main Collection ARRUPE LIBRARY ARRUPE LIBRARY Main Collection 04/03/2013 1 GN659.S57B35 1980 46403369 18/09/2018 3 04/03/2013 Monograph ( Printed materials) 03/09/2018
    Library of Congress Classification     SPECIAL Collection ARRUPE LIBRARY ARRUPE LIBRARY REFERENCE 05/03/2013   SPC. DT962.42.B35 1980 46003089843 05/03/2013 4 05/03/2013 SPC  
    Library of Congress Classification     SPECIAL Collection ARRUPE LIBRARY ARRUPE LIBRARY REFERENCE 11/01/2019   SPC. DT962.42.B35 1980 46600002813 11/01/2019   11/01/2019 SPC  

 

Arrupe Library. PO Box MP320 Mt Pleasant, Harare, Zimbabwe
263 242 745411|librarian@aju.ac.zw